000 01354cam a2200301 a 4500
999 _c207926
_d207926
001 17522075
003 OSt
005 20210325162411.0
008 121107s2013 cau b 001 0 eng
010 _a 2012045159
020 _a9788132110415 (hb)
040 _aDLC
_cDLC
_dDLC
042 _apcc
043 _aa-ii---
050 0 0 _aHM881
_b.G83 2013
082 0 0 _a303.484 GUD-3
_223
100 1 _aGudavarthy, Ajay.
245 1 0 _aPolitics of Post-Civil Society :
_bContemporary History of Political Movements in India /
_cAjay Gudavarthy.
260 _aLos Angeles :
_bSAGE,
_c2013.
300 _ax, 262 p. ;
_c23 cm.
504 _aIncludes bibliographical references (p. [239]-254) and index.
505 0 _aWhy beyond civil society; Human rights movements in India : state, civil society and beyond; Dalit and Naxalite struggles : political identities beyond identity politics; Feminist politics and legal subjectivity : negotiating transformative dilemmas; Collectives against pollution and 'political society' : implications of uncivil development; Towards politics of post-civil society.
650 0 _aSocial movements
_zIndia.
650 0 _aCivil society
_zIndia.
906 _a7
_bcbc
_corignew
_d1
_eecip
_f20
_gy-gencatlg
942 _2ddc
_cBK